Hình thức xử phạt trục xuất đối với các hành vi vi phạm hành chính về an ninh, trật tự, an toàn xã hội và thực tiễn tại một số tỉnh phía Nam Luận văn thạc sĩ. Chuyên ngành: Luật Hiến pháp và Luật hành chính. Mã ngành: 8380102

Na minha lista:
Detalhes bibliográficos
Autor principal: Trương, Thị Dưng
Nhiều tác giả của công ty: Ủy ban Nhân dân tỉnh Trà Vinh, Trường Đại học Trà Vinh
Outros Autores: Trương Thị Dưng; Cao Vũ Minh
Idioma:Undetermined
Vietnamese
Publicado em: Trà Vinh Trường Đại học Trà Vinh 2019
Assuntos:
Tags: Adicionar Tag
Sem tags, seja o primeiro a adicionar uma tag!
Thư viện lưu trữ: Trung tâm Học liệu Trường Đại học Trà Vinh
LEADER 01157nam a2200289Ia 4500
001 TVU_32095
008 210423s9999 xx 000 0 und d
041 |a vie 
082 |a 342.59706 
082 |b D556 
100 |a Trương, Thị Dưng 
245 0 |a Hình thức xử phạt trục xuất đối với các hành vi vi phạm hành chính về an ninh, trật tự, an toàn xã hội và thực tiễn tại một số tỉnh phía Nam 
245 0 |b Luận văn thạc sĩ. Chuyên ngành: Luật Hiến pháp và Luật hành chính. Mã ngành: 8380102 
245 0 |c Trương Thị Dưng ; Cao Vũ Minh (hướng dẫn khoa học) 
260 |a Trà Vinh 
260 |b Trường Đại học Trà Vinh 
260 |c 2019 
300 |a viii, 80, 17 tr. 
300 |b minh hoạ 
300 |c 30 cm 
504 |a Thư mục: tr. 75-80 
650 |a Xử phạt hành chính; Luật hành chính 
700 |a Trương Thị Dưng; Cao Vũ Minh  
700 |e hướng dẫn khoa học 
710 |a Ủy ban Nhân dân tỉnh Trà Vinh 
710 |b Trường Đại học Trà Vinh 
980 |a Trung tâm Học liệu Trường Đại học Trà Vinh